| 000 | 00923nam a22002897a 4500 | ||
|---|---|---|---|
| 003 | CHAP | ||
| 005 | 20220329143837.0 | ||
| 008 | 111208s1994 mx a r 00010 spa d | ||
| 010 | _a102664 | ||
| 011 | _a103636 | ||
| 020 | _a9686963138 | ||
| 035 | _a114325 | ||
| 040 | _cCHAP | ||
| 082 | 0 | 4 |
_a917.2097275 _bEs88 |
| 245 | 0 | 3 |
_aEl estado de Chiapas _c/editado por Francisco Estebanez |
| 260 |
_aMéxico, D.F. : _bAbeja, _c1994 |
||
| 300 |
_a192 p. : _bilus., _e+ 1 mapa |
||
| 590 |
_aBATCH-UPD _b10 _c20130110 _lUCH01 _h1942 |
||
| 590 |
_aBATCH-UPD _b10 _c20130410 _lUCH01 _h1305 |
||
| 590 |
_aBATCH-UPD _b10 _c20130914 _lUCH01 _h0921 |
||
| 590 |
_aCONVERSION _b10 _c20130109 _lUCH01 _h1357 |
||
| 650 | 1 | 4 |
_aChiapas _xDescripción y viaje. _922230 |
| 700 | 1 |
_aEstebanez, Francisco _e, ed. _938285 |
|
| 901 | _aBK | ||
| 942 | _cLIBRO | ||
| 949 |
_a917.2097275 Es88 _bBC _cLIBRO _d33724002315074 _eLIBRO _gDonaciØn _h116180 _i114325 _sb |
||
| 999 |
_c102664 _d102664 |
||